000 00755nam a2200289Ia 4500
005 20260324145020.0
008 008 260324s9999 xx 000 0 eng d
020 _a9781003555643
037 _aEBOOK
040 _aCRL
040 _beng
040 _cCRL
041 _2eng
041 _aeng
084 _qCRL
100 _aRichard A. Rempel; Bertrand Russell; Andrew Brink; Margaret Moran
_91221435
245 4 _aThe Collected Papers of Bertrand Russell, Volume 12
245 0 _bContemplation and Action, 1902-14
260 _bTaylor and Francis
260 _c1985
365 _a
365 _b450
856 _uhttp://www.taylorfrancis.com/books/9781003555643
942 _cEBOOK
999 _c1828787
_d1828787